000
00323nam a2200133Ia 4500
008
190216s9999||||xx |||||||||||||| ||und||
100
_a
Aditya P Mathur
245
0
_a
Introduction To Microprocessors
250
_a
1st Ed.
260
_b
Tata Mcgrawhill Publishers
_c
1984
300
_a
480
650
_a
Computer
942
_c
BK
999
_c
8340
_d
8340